<?xml version="1.0" encoding="UTF-8"?>
<record
    xmlns:xsi="http://www.w3.org/2001/XMLSchema-instance"
    xsi:schemaLocation="http://www.loc.gov/MARC21/slim http://www.loc.gov/standards/marcxml/schema/MARC21slim.xsd"
    xmlns="http://www.loc.gov/MARC21/slim">

  <leader>05084nam a22005055i 4500</leader>
  <controlfield tag="001">978-94-007-4833-0</controlfield>
  <controlfield tag="003">DE-He213</controlfield>
  <controlfield tag="005">20140220083347.0</controlfield>
  <controlfield tag="007">cr nn 008mamaa</controlfield>
  <controlfield tag="008">121025s2012    ne |    s    |||| 0|eng d</controlfield>
  <datafield tag="020" ind1=" " ind2=" ">
    <subfield code="a">9789400748330</subfield>
    <subfield code="9">978-94-007-4833-0</subfield>
  </datafield>
  <datafield tag="024" ind1="7" ind2=" ">
    <subfield code="a">10.1007/978-94-007-4833-0</subfield>
    <subfield code="2">doi</subfield>
  </datafield>
  <datafield tag="050" ind1=" " ind2="4">
    <subfield code="a">R733</subfield>
  </datafield>
  <datafield tag="072" ind1=" " ind2="7">
    <subfield code="a">MX</subfield>
    <subfield code="2">bicssc</subfield>
  </datafield>
  <datafield tag="072" ind1=" " ind2="7">
    <subfield code="a">MED004000</subfield>
    <subfield code="2">bisacsh</subfield>
  </datafield>
  <datafield tag="082" ind1="0" ind2="4">
    <subfield code="a">610</subfield>
    <subfield code="2">23</subfield>
  </datafield>
  <datafield tag="100" ind1="1" ind2=" ">
    <subfield code="a">Cho, William C.S.</subfield>
    <subfield code="e">editor.</subfield>
  </datafield>
  <datafield tag="245" ind1="1" ind2="0">
    <subfield code="a">Acupuncture and Moxibustion as an Evidence-based Therapy for Cancer</subfield>
    <subfield code="h">[electronic resource] /</subfield>
    <subfield code="c">edited by William C.S. Cho.</subfield>
  </datafield>
  <datafield tag="264" ind1=" " ind2="1">
    <subfield code="a">Dordrecht :</subfield>
    <subfield code="b">Springer Netherlands :</subfield>
    <subfield code="b">Imprint: Springer,</subfield>
    <subfield code="c">2012.</subfield>
  </datafield>
  <datafield tag="300" ind1=" " ind2=" ">
    <subfield code="a">XI, 354 p. 25 illus., 18 illus. in color.</subfield>
    <subfield code="b">online resource.</subfield>
  </datafield>
  <datafield tag="336" ind1=" " ind2=" ">
    <subfield code="a">text</subfield>
    <subfield code="b">txt</subfield>
    <subfield code="2">rdacontent</subfield>
  </datafield>
  <datafield tag="337" ind1=" " ind2=" ">
    <subfield code="a">computer</subfield>
    <subfield code="b">c</subfield>
    <subfield code="2">rdamedia</subfield>
  </datafield>
  <datafield tag="338" ind1=" " ind2=" ">
    <subfield code="a">online resource</subfield>
    <subfield code="b">cr</subfield>
    <subfield code="2">rdacarrier</subfield>
  </datafield>
  <datafield tag="347" ind1=" " ind2=" ">
    <subfield code="a">text file</subfield>
    <subfield code="b">PDF</subfield>
    <subfield code="2">rda</subfield>
  </datafield>
  <datafield tag="490" ind1="1" ind2=" ">
    <subfield code="a">Evidence-based Anticancer Complementary and Alternative Medicine,</subfield>
    <subfield code="x">2211-0534 ;</subfield>
    <subfield code="v">3</subfield>
  </datafield>
  <datafield tag="505" ind1="0" ind2=" ">
    <subfield code="a">Prelims -- 1&#xA0;An Overview of Acupuncture and Moxibustion for Cancer Care -- 2&#xA0;The Mechanistic Studies of Acupuncture and Moxibustion -- 3&#xA0;Acupuncture for Cancer Pain -- 4&#xA0;Acupuncture for the Treatment of Hot Flashes in Cancer Patients -- 5&#xA0;Acupuncture and Moxibustion for Cancer-related Symptoms -- 6&#xA0;Use of Acupuncture and Moxibustion in the Control of Anticancer Therapy-induced Nausea and Vomiting -- 7 Acupuncture and Moxibustion for Side Effects of Chemotherapy in Cancer Patients -- 8&#xA0;Acupuncture for the Treatment of Symptoms Associated with Radiation Therapy -- 9&#xA0;Quality of Life of Cancer Patients after Acupuncture and Moxibution Treatment -- 10&#xA0;Acupuncture and Moxibustion for Palliative and Supportive Cancer Care -- 11&#xA0;Is Acupuncture or Moxibustion Better Than a Sham or Placebo-treatment?-12&#xA0;Safety and Side Effects of Acupuncture and Moxibustion as a Therapy for Cancer -- 13&#xA0;Acupuncture and Moxibustion in Animal Models of Cancer -- 14&#xA0;Integrating Acupuncture with Western Medicine in Cancer Treatment -- 15&#xA0;Recent Clinical Trials of Acupuncture for Cancer Patients. Index.</subfield>
  </datafield>
  <datafield tag="520" ind1=" " ind2=" ">
    <subfield code="a">Cancer is one of the leading killers in the world and the incidence is increasing, but most cancer patients and cancer survivors suffer much from the disease and its conventional treatments&#x2019; side effects. In the past, clinical data showed that some complementary and alternative medicine (CAM) possessed anticancer abilities, but some clinicians and scientists have queried about the scientific validity of CAM due to the lack of scientific evidence. There is great demand in narrowing the knowledge gap to explore the scientific and evidence-based knowledge of CAM in the anticancer field. With this aim, an unparalleled undertaking of a book series is launched to structurally consolidate this area. Although acupuncture and moxibustion have been practiced for millennia, they have come under scientific investigation only recently. Acupuncture and moxibustion have been used clinically to treat cancer-related symptoms (e.g. cancer pain, anxiety, depression and insomnia), manage treatment-induced side effects (e.g. hot flashes, nausea and vomiting) and enhance immunity (e.g. blood cell count, lymphocyte and natural killer cell activity). This is the first book manages to provide comprehensive and updated scientific evidence of the effectiveness of acupuncture and moxibustion intervention for cancer care. Laboratory and animal studies have uncovered the mechanisms of acupuncture and moxibustion for cancer therapy. Promising results of most clinical trials show the efficacy and safety of acupuncture and moxibustion in cancer management. This book consists of fifteen chapters which address a range of important aspects that will impact on the application of acupuncture and moxibustion. An overview of the safety and side effects of acupuncture and moxibustion for cancer care are also covered. In addition, the integration of acupuncture with Western medicine in cancer treatment and recent clinical trials are included as well. Opinion leaders around the world have teamed up to pursue a thorough and up-to-date review of the area, this volume will contribute great to the cancer, clinical and academic community by providing evidence-based information on the efficacy of acupuncture and moxibustion as an anticancer therapy.</subfield>
  </datafield>
  <datafield tag="650" ind1=" " ind2="0">
    <subfield code="a">Medicine.</subfield>
  </datafield>
  <datafield tag="650" ind1=" " ind2="0">
    <subfield code="a">Oncology.</subfield>
  </datafield>
  <datafield tag="650" ind1=" " ind2="0">
    <subfield code="a">Alternative medicine.</subfield>
  </datafield>
  <datafield tag="650" ind1=" " ind2="0">
    <subfield code="a">Acupuncture.</subfield>
  </datafield>
  <datafield tag="650" ind1="1" ind2="4">
    <subfield code="a">Medicine &amp; Public Health.</subfield>
  </datafield>
  <datafield tag="650" ind1="2" ind2="4">
    <subfield code="a">Complementary &amp; Alternative Medicine.</subfield>
  </datafield>
  <datafield tag="650" ind1="2" ind2="4">
    <subfield code="a">Acupuncture.</subfield>
  </datafield>
  <datafield tag="650" ind1="2" ind2="4">
    <subfield code="a">Oncology.</subfield>
  </datafield>
  <datafield tag="650" ind1="2" ind2="4">
    <subfield code="a">Biomedicine general.</subfield>
  </datafield>
  <datafield tag="650" ind1="2" ind2="4">
    <subfield code="a">Cancer Research.</subfield>
  </datafield>
  <datafield tag="710" ind1="2" ind2=" ">
    <subfield code="a">SpringerLink (Online service)</subfield>
  </datafield>
  <datafield tag="773" ind1="0" ind2=" ">
    <subfield code="t">Springer eBooks</subfield>
  </datafield>
  <datafield tag="776" ind1="0" ind2="8">
    <subfield code="i">Printed edition:</subfield>
    <subfield code="z">9789400748323</subfield>
  </datafield>
  <datafield tag="830" ind1=" " ind2="0">
    <subfield code="a">Evidence-based Anticancer Complementary and Alternative Medicine,</subfield>
    <subfield code="x">2211-0534 ;</subfield>
    <subfield code="v">3</subfield>
  </datafield>
  <datafield tag="856" ind1="4" ind2="0">
    <subfield code="u">http://dx.doi.org/10.1007/978-94-007-4833-0</subfield>
  </datafield>
  <datafield tag="912" ind1=" " ind2=" ">
    <subfield code="a">ZDB-2-SME</subfield>
  </datafield>
  <datafield tag="999" ind1=" " ind2=" ">
    <subfield code="c">104820</subfield>
    <subfield code="d">104820</subfield>
  </datafield>
</record>
